000 00295nam a22001337a 4500
008 180223b xxu||||| |||| 00| 0 eng d
020 _a9780071413015
041 _aeng
080 _a62
100 _a27
101 _aIM
245 _aAirport planning& management
_cWells,A.T
942 _2udc
_cBK
999 _c43224
_d43224